Statistics for A-Z 1M Cities by Continent in 3 Minutes

Click here to take the quiz!

General Stats

  • This quiz has been taken 3,102 times
  • The average score is 329 of 552

Answer Stats

City % Correct
Milwaukee
91%
Mérida
91%
Montréal
91%
Monterrey
91%
Minneapolis
91%
Managua
91%
Miami
91%
Mexico City
91%
Mexicali
91%
McAllen
91%
Melbourne
91%
Memphis
91%
Moscow
89%
Minsk
89%
Milan
89%
Munich
89%
Marseille
89%
Mannheim
89%
Manchester
89%
Málaga
89%
Madrid
89%
Leeds
88%
Lyon
88%
London
88%
Liverpool
88%
Lisbon
88%
Lille
88%
Prague
87%
Perm
87%
Porto
87%
Paris
87%
Benxi
86%
Bhilai
86%
Bhopal
86%
Bhubaneswar
86%
Bengbu
86%
Bishkek
86%
Bursa
86%
Busan
86%
Seattle
86%
Santo Domingo
86%
Saint Louis
86%
San Salvador
86%
San Pedro Sula
86%
San Juan
86%
San José
86%
San Francisco
86%
San Diego
86%
San Antonio
86%
Salt Lake City
86%
Sacramento
86%
Beijing
86%
Beirut
86%
San Luis Potosí
86%
Batam
86%
Baotou
86%
Bangkok
86%
Basra
86%
Bangalore
86%
Bandung
86%
Bandar Lampung
86%
Baku
86%
Baoji
86%
Baoding
86%
Baghdad
86%
Bareilly
86%
Stockton
86%
Nashville
85%
Tiruchirappalli
85%
New Orleans
85%
New York
85%
Tianjin
85%
Tehran
85%
Tabriz
85%
Tai'an
85%
Tel Aviv-Jaffa
85%
Tiruppur
85%
Tainan
85%
Taichung
85%
Taipei
85%
Tangshan
85%
Tokyo
85%
Tashkent
85%
Taiyuan
85%
Tbilisi
85%
Taizhou
85%
Buenos Aires
84%
Belém
84%
Brasília
84%
Bogotá
84%
Bucaramanga
84%
Barranquilla
84%
Belo Horizonte
84%
Barquisimeto
84%
Singapore
83%
Shizuoka
83%
Srinagar
83%
Solapur
83%
Surabaya
83%
Conakry
83%
Salem
83%
Shiraz
83%
Surakarta
83%
Shenyang
83%
Sana'a
83%
Shijiazhuang
83%
Cairo
83%
Serang
83%
Seoul
83%
Sendai
83%
Cape Town
83%
Semarang
83%
Casablanca
83%
Sapporo
83%
Shanghai
83%
Shantou
83%
Surat
83%
Cotonou
83%
Meerut
81%
Manila
81%
Maoming
81%
Multan
81%
Mecca
81%
Mysore
81%
Muscat
81%
Mashhad
81%
Mumbai
81%
Mosul
81%
Morādābād
81%
Mianyang
81%
Mandalay
81%
Makassar
81%
Medina
81%
Malang
81%
Belgrade
81%
Berlin
81%
Barcelona
81%
Birmingham
81%
Bordeaux
81%
Brussels
81%
Bucharest
81%
Budapest
81%
Los Angeles
81%
Louisville
81%
Las Vegas
81%
Ma'anshan
81%
León
81%
Medan
81%
Madurai
81%
Manama
81%
São Luís
80%
Davao
80%
Delhi
80%
Denpasar
80%
Dammam
80%
Dhaka
80%
Dhanbad
80%
Damascus
80%
Doha
80%
Dalian
80%
São Paulo
80%
Santos
80%
Santiago
80%
Santa Cruz
80%
Dubai
80%
Daejeon
80%
Datong
80%
Daegu
80%
Salvador
80%
Daqing
80%
Havana
75%
Hartford
75%
Houston
75%
Honolulu
75%
Harrisburg
75%
Rosario
74%
Lima
74%
Rio de Janeiro
74%
Dallas
74%
Denver
74%
Detroit
74%
La Paz
74%
Recife
74%
Kaifeng
71%
Jalandhar
71%
Kathmandu
71%
Kitakyushu
71%
Jamshedpur
71%
Kirkuk
71%
Karachi
71%
Kaohsiung
71%
Jeddah
71%
Jiangyin
71%
Jiaozuo
71%
Kanpur
71%
Konya
71%
Kuwait City
71%
Jakarta
71%
Kabul
71%
Khulna
71%
Jodhpur
71%
Jinzhou
71%
Kayseri
71%
Kotā
71%
Jining
71%
Jinan
71%
Jilin
71%
Kumamoto
71%
Kunming
71%
Kuala Lumpur
71%
Aba
71%
Jaipur
71%
Chicago
71%
Abuja
71%
Accra
71%
Addis Ababa
71%
Agadir
71%
Alexandria
71%
Algiers
71%
Antananarivo
71%
Calgary
71%
Cape Coral
71%
Jabalpur
71%
Charlotte
71%
Kochi
71%
Cincinnati
71%
Ciudad Juárez
71%
Cleveland
71%
Abidjan
71%
Kolkata
71%
Cuernavaca
71%
Columbus
71%
Saint Petersburg
70%
Stuttgart
70%
Stockholm
70%
Southampton
70%
Sofia
70%
Sheffield
70%
Seville
70%
Samara
70%
Saratov
70%
Lagos
69%
Lilongwe
69%
Lusaka
69%
Luanda
69%
Lomé
69%
Lubumbashi
69%
Hengyang
69%
Hefei
69%
Haikou
69%
Hyderabad
69%
Huizhou
69%
Hamamatsu
69%
Handan
69%
Hangzhou
69%
Hubli
69%
Huainan
69%
Huaibei
69%
Hanoi
69%
Huai'an
69%
Hong Kong
69%
Harbin
69%
Hohhot
69%
Ho Chi Minh City
69%
Hiroshima
69%
Panama City
66%
Philadelphia
66%
Pittsburgh
66%
Phoenix
66%
Port-au-Prince
66%
Puebla
66%
Portland
66%
Colombo
65%
Changwon
65%
Cangnan
65%
Cebu
65%
Chandigarh
65%
Changchun
65%
Changsha
65%
Changshu
65%
Changzhou
65%
Coimbatore
65%
Chengdu
65%
Chifeng
65%
Chittagong
65%
Chonburi
65%
Chongqing
65%
Cixi
65%
Chennai
65%
Kigali
62%
Kinshasa
62%
Khartoum
62%
Kano
62%
Kumasi
62%
Kaduna
62%
Kampala
62%
Tampa
61%
Tijuana
61%
Toronto
61%
Torreón
61%
Toluca
61%
Tegucigalpa
61%
Rome
60%
Rotterdam
60%
Rostov
60%
Antwerp
58%
Austin
58%
Sydney
58%
Buffalo
58%
Amsterdam
58%
Athens
58%
Aguascalientes
58%
Atlanta
58%
Boston
58%
Vancouver
57%
Cali
57%
Curitiba
57%
Campinas
57%
Caracas
57%
Cartagena
57%
Virginia Beach
57%
Cochabamba
57%
Concepción
57%
Córdoba
57%
Aleppo
56%
Ahmedabad
56%
Ahvaz
56%
Ashgabat
56%
Angeles
56%
Amman
56%
Anshan
56%
Antalya
56%
Alīgarh
56%
Amritsar
56%
Adana
56%
Agra
56%
Anyang
56%
Ankara
56%
Almaty
56%
Abu Dhabi
56%
Āsansol
56%
Allahabad
56%
Aurangabad
56%
Douala
55%
Odessa
55%
Dar es Salaam
55%
Omsk
55%
Durban
55%
Oslo
55%
Dakar
55%
Izmir
54%
Indore
54%
Isfahan
54%
Istanbul
54%
Johannesburg
54%
Washington
53%
Quito
52%
Nairobi
50%
Dnipropetrovsk
50%
Gwangju
50%
Gwalior
50%
Guwahati
50%
Gujranwala
50%
Guiyang
50%
Guilin
50%
Niamey
50%
Guangzhou
50%
Donetsk
50%
Dublin
50%
N'Djamena
50%
George Town
50%
Gaziantep
50%
Gaza
50%
Nouakchott
50%
Rawalpindi
48%
Riyadh
48%
Ranchi
48%
Rajkot
48%
Rizhao
48%
El Paso
47%
Hanover
47%
Edmonton
47%
Hamburg
47%
Helsinki
47%
Guadalajara
46%
Osaka
46%
Guatemala City
46%
Greensboro
46%
Okayama
46%
Manaus
44%
Maceió
44%
Maracaibo
44%
Maracay
44%
Warsaw
44%
Medellín
44%
Mendoza
44%
Montevideo
44%
Orlando
43%
Ottawa
43%
Oklahoma City
43%
Ulsan
42%
Ulaanbaatar
42%
Melbourne
42%
Ürümqi
42%
Xiangtan
41%
Xi'an
41%
Kiev
41%
Kharkiv
41%
Kazan
41%
Xingtai
41%
Adelaide
41%
Krasnoyarsk
41%
Xining
41%
Perth
41%
Xiamen
41%
Xinxiang
41%
Xuzhou
41%
Auckland
41%
Xiangyang
41%
Katowice
41%
Naples
39%
Nuremberg
39%
Novosibirsk
39%
Nottingham
39%
Nizhny Novgorod
39%
Newcastle
39%
Tunis
37%
Tangier
37%
Tripoli
37%
Nanyang
36%
Ningbo
36%
Maiduguri
36%
Maputo
36%
Marrakesh
36%
Mbuji-Mayi
36%
Glasgow
36%
Mogadishu
36%
Mombasa
36%
Monrovia
36%
Bamako
36%
Nantong
36%
Benin City
36%
Brazzaville
36%
Bangui
36%
Naha
36%
Chelyabinsk
36%
Nanning
36%
Nanjing
36%
Nanchong
36%
Nanchang
36%
Copenhagen
36%
Nagoya
36%
Cologne
36%
Nashik
36%
Nagpur
36%
Pune
34%
Putian
34%
Pyongyang
34%
Palembang
34%
Asunción
34%
Phnom Penh
34%
Patna
34%
Pekanbaru
34%
Peshawar
34%
Yogyakarta
32%
Yichang
32%
Yinchuan
32%
Brisbane
32%
Yiwu
32%
Yangon
32%
Yancheng
32%
Yantai
32%
Yangzhou
32%
Yerevan
32%
Valencia
31%
Volgograd
31%
Vienna
31%
Voronezh
31%
Rabat
30%
Turin
29%
Toulouse
29%
The Ruhr
29%
Weifang
27%
Wenzhou
27%
Wuhu
27%
Wuhan
27%
Wanzhou
27%
Wuxi
27%
Liuzhou
26%
Linyi
26%
Lanzhou
26%
Lianyungang
26%
Ludhiana
26%
Luoyang
26%
Lucknow
26%
Lahore
26%
Guayaquil
25%
Goiânia
25%
Freetown
23%
Fez
23%
Harare
22%
Fortaleza
22%
Jacksonville
21%
Onitsha
21%
Ouagadougou
21%
Oran
21%
Frankfurt
20%
Valparaíso
19%
Valencia
19%
Vitória
19%
Zhenjiang
18%
Zhuhai
18%
Zhengzhou
18%
Zhanjiang
18%
Zhangjiakou
18%
Zhuzhou
18%
Yaoundé
18%
Zibo
18%
Zunyi
18%
Qinhuangdao
18%
Qingdao
18%
Indianapolis
18%
Quetta
18%
Qom
18%
Qiqihar
18%
Qingyuan
18%
Zurich
17%
Kansas City
17%
Richmond
17%
Raleigh
17%
Fuzhou
16%
Fukuoka
16%
Fuji
16%
Faisalabad
16%
Porto Alegre
16%
Port Harcourt
15%
Port Elizabeth
15%
Pointe-Noire
15%
Natal
14%
Ufa
14%
Vijayawada
11%
Vadodara
11%
Varanasi
11%
Vishakhapatnam
11%
Yekaterinburg
10%
Erbil
9%
Sousse
9%
Ibadan
9%
Teresina
6%
Querétaro
5%
João Pessoa
5%

Score Distribution

Percentile by Number Answered

Percent of People with Each Score

Your Score History

You have not taken this quiz